000
00223nam a22000857a 4500
008
161115b xxu||||| |||| 00| 0 eng d
100
_9
1217
_a
Mitra. A
245
_a
A friend forever
260
_a
New delhi
_b
Nationla book trust
_c
2007
999
_c
3908
_d
3908